00395 a2200157 4500003000400000005001700004008004100021020001800062040000900080082001500089100001900104245004400123250001200167260004900179300000900228OSt20240208153326.0240117b |||||||| |||| 00| 0 eng d a9788182716550 coclc bRAZ/Ha297 aRazzaq, M.S.A. aHajj Kalika Chinthakal /cM.S.A. Razzaq a1st ed. aKozhikode:bIslamic Publishing House,c2014. a88p.